Statistiques concernant Vocabulaire allemand

Cliquez ici pour prendre le quiz!

Statistiques générales

  • Ce quiz a été pris 30 fois
  • Le résultat moyen est 4 sur 15

Statistiques - réponses

FrançaisAllemand% Correct
EscalierTreppe
82%
VêtementsKleidung
59%
TapisTeppich
55%
EcureuilEichhörnchen
27%
EchecsSchach
27%
Tremblement de TerreErdbeben
23%
LitchiLitschi
23%
EnnuyéGelangweilt
14%
ReinNiere
14%
TableauTisch
14%
TongueZunge
14%
MéduseQualle
9%
RadisRadieschen
9%
FouetPeitsche
5%
GenouxSchoß
5%

Distribution des résultats

Percentile par nombre de réponses

% des personnes avec chaque résultat

Votre développement - résultats

Vous n’avez pas pris ce quiz